| 000 | 00363nam a2200157Ia 4500 | ||
|---|---|---|---|
| 003 | OSt | ||
| 005 | 20240101094116.0 | ||
| 008 | 170524s9999 xx 000 0 und d | ||
| 020 | _a9780074622391 | ||
| 040 | _cIIMT UNIVERSITY | ||
| 100 | _aMajumdar Arun K | ||
| 245 | 0 | _aDatabase Management System | |
| 260 | _bTMH New Delhi | ||
| 260 | _c2007 | ||
| 942 |
_2ddc _c02 |
||
| 999 |
_c4716 _d4716 |
||